MARC details
| 000 -LEADER |
| fixed length control field |
01145nam a2200313 a 4500 |
| 001 - CONTROL NUMBER |
| control field |
3977014 |
| 003 - CONTROL NUMBER IDENTIFIER |
| control field |
GZU |
| 005 - DATE AND TIME OF LATEST TRANSACTION |
| control field |
20201202091139.0 |
| 008 - FIXED-LENGTH DATA ELEMENTS--GENERAL INFORMATION |
| fixed length control field |
940825s1994 rh a b 000 0 eng |
| 010 ## - LIBRARY OF CONGRESS CONTROL NUMBER |
| LC control number |
94981800 |
| 020 ## - INTERNATIONAL STANDARD BOOK NUMBER |
| International Standard Book Number |
0869225863 |
| 040 ## - CATALOGING SOURCE |
| Original cataloging agency |
DLC |
| Transcribing agency |
DLC |
| 042 ## - AUTHENTICATION CODE |
| Authentication code |
lcode |
| 043 ## - GEOGRAPHIC AREA CODE |
| Geographic area code |
f-rh--- |
| 050 00 - LIBRARY OF CONGRESS CALL NUMBER |
| Classification number |
HD7064.5 |
| Item number |
.MAC1994 |
| 100 1# - MAIN ENTRY--PERSONAL NAME |
| Personal name |
MacGarry, Brian. |
| 245 10 - TITLE STATEMENT |
| Title |
Double damage : |
| Remainder of title |
rural people and economic structural adjustment in a time of drought / |
| Statement of responsibility, etc. |
by Brian MacGarry. |
| 260 ## - PUBLICATION, DISTRIBUTION, ETC. |
| Place of publication, distribution, etc. |
Gweru, Zimbabwe : |
| Name of publisher, distributor, etc. |
Mambo Press ; |
| Place of publication, distribution, etc. |
Harare, Zimbabwe : |
| Name of publisher, distributor, etc. |
Silveira House, |
| Date of publication, distribution, etc. |
1994. |
| 300 ## - PHYSICAL DESCRIPTION |
| Extent |
32 p. : |
| Other physical details |
ill. ; |
| Dimensions |
24 cm. |
| 440 #0 - SERIES STATEMENT/ADDED ENTRY--TITLE |
| Title |
Silveira House social series ; |
| Volume/sequential designation |
no. 7 |
| 504 ## - BIBLIOGRAPHY, ETC. NOTE |
| Bibliography, etc. note |
Includes bibliographical references (p. 31-32). |
| 650 #0 - SUBJECT ADDED ENTRY--TOPICAL TERM |
| Topical term or geographic name entry element |
Cost and standard of living |
| Geographic subdivision |
Zimbabwe. |
| 650 #0 - SUBJECT ADDED ENTRY--TOPICAL TERM |
| Topical term or geographic name entry element |
Structural adjustment (Economic policy) |
| Geographic subdivision |
Zimbabwe. |
| 650 #0 - SUBJECT ADDED ENTRY--TOPICAL TERM |
| Topical term or geographic name entry element |
Droughts |
| General subdivision |
Economic aspects |
| Geographic subdivision |
Zimbabwe. |
| 650 #0 - SUBJECT ADDED ENTRY--TOPICAL TERM |
| Topical term or geographic name entry element |
Rural population |
| Geographic subdivision |
Zimbabwe. |
| 906 ## - LOCAL DATA ELEMENT F, LDF (RLIN) |
| a |
7 |
| b |
cbc |
| c |
origode |
| d |
3 |
| e |
ncip |
| f |
19 |
| g |
y-gencatlg |
| 942 ## - ADDED ENTRY ELEMENTS (KOHA) |
| Source of classification or shelving scheme |
Library of Congress Classification |
| Koha item type |
Books |
| Classification part |
7064.5 |
| Item part |
MAC |
| Call number prefix |
HD |